000 00666nam a2200289Ia 4500
005 20260324122030.0
008 008 260324s9999 xx 000 0 eng d
020 _a9780429253515
037 _aEBOOK
040 _aCRL
040 _beng
040 _cCRL
041 _2eng
041 _aeng
084 _qCRL
100 _aArthur G. Arway
_91164847
245 0 _aSupply Chain Security
245 2 _bA Comprehensive Approach
260 _bTaylor and Francis
260 _c2013
365 _a
365 _b230
856 _uhttp://www.taylorfrancis.com/books/9780429253515
942 _cEBOOK
999 _c1757300
_d1757300